Una propuesta feminista: la democracia vital /
Uloženo v:
| Hlavní autor: | |
|---|---|
| Médium: | Text |
| Témata: | |
| Tagy: |
Přidat tag
Žádné tagy, Buďte první, kdo vytvoří štítek k tomuto záznamu!
|
MARC
| LEADER | 00000 a a2200000 04500 | ||
|---|---|---|---|
| 001 | 7164 | ||
| 003 | |||
| 040 | |||
| 100 | |a Simón Rodríguez, María Elena | ||
| 245 | |a Una propuesta feminista: |b la democracia vital / |c María Elena Simón Rodríguez | ||
| 650 | |a SISTEMAS SOCIALES | ||
| 650 | |a GENERO | ||
| 650 | |a PROBLEMAS SOCIALES | ||
| 650 | |a PATRIARCADO | ||
| 650 | |a FEMINISMO | ||
| 650 | |a DISCRIMINACION BASADA EN EL GENERO | ||
| 773 | |g volumen 20, número 231; páginas 46-53 | ||
| 999 | |c 28597 |d 28597 | ||
